[Event "Piestany Slovakia op-B"]
[Site "Piestany"]
[Date "2022.07.13"]
[Round "4"]
[White "Kuna, Patrik"]
[Black "Ganzova, Veronika"]
[Result "1/2-1/2"]
[WhiteElo "1883"]
[BlackElo "1696"]
[PlyCount "111"]
[EventDate "2022.07.11"]
[EventType "swiss"]
[EventRounds "9"]
[EventCountry "SVK"]
[SourceTitle "CBM 209 Extra"]
[Source "ChessBase"]
[SourceDate "2022.09.30"]
[SourceVersion "1"]
[SourceVersionDate "2022.09.30"]
[SourceQuality "1"]

1. e4 c5 2. Nf3 Nc6 3. d4 cxd4 4. Nxd4 g6 5. c4 Nf6 6. Nc3 d6 7. Be2 Nxd4 8. Qxd4 Bg7 9. Be3 0-0 10. Qd2 a5 11. 0-0 a4 12. Rac1 Qa5 13. Rfd1 Be6 14. Bh6 Rfc8 15. Bxg7 Kxg7 16. Qd4 Qc5 17. Nd5 Bxd5 18. exd5 Qxd4 19. Rxd4 Rc5 20. Re1 Kf8 21. Rd2 Ne4 22. Rd4 Nf6 23. f4 Nd7 24. Bd3 Nb6 25. f5 Rac8 26. b3 axb3 27. axb3 R5c7 28. fxg6 hxg6 29. Rf4 Kg7 30. Ref1 Rf8 31. h4 Nd7 32. h5 gxh5 33. Rf5 Ne5 34. Be2 h4 35. Rg5+ Ng6 36. Bd3 Rcc8 37. Rf4 Rh8 38. Rfg4 Rh6 39. Bf5 Rch8 40. Re4 Kf6 41. Bxg6 Kxg5 42. Bxf7 h3 43. Be6 hxg2 44. Kxg2 Rh2+ 45. Kg3 Rb2 46. Re3 Rhh2 47. Bd7 Rhg2+ 48. Kf3 Rgf2+ 49. Kg3 Rfe2 50. Rxe2 Rxe2 51. Kf3 Rb2 52. Ba4 Kf5 53. Ke3 Ke5 54. Kd3 Rg2 55. Kc3 Rg3+ 56. Kb4 1/2-1/2

[Event "SVK-chT3A2 2122"]
[Site "Slovakia"]
[Date "2022.03.20"]
[Round "11.4"]
[White "Ganzova, Veronika"]
[Black "Puchart, Vladimir"]
[Result "0-1"]
[WhiteElo "1689"]
[BlackElo "2057"]
[PlyCount "84"]
[EventDate "2021.10.10"]
[EventType "team-tourn"]
[EventRounds "11"]
[EventCountry "SVK"]
[SourceTitle "EXT 2024"]
[Source "ChessBase"]
[SourceDate "2023.10.10"]
[SourceVersion "1"]
[SourceVersionDate "2023.10.10"]
[SourceQuality "1"]
[WhiteTeam "Modranka Komplet II"]
[BlackTeam "Cifer II"]
[WhiteTeamCountry "SVK"]
[BlackTeamCountry "SVK"]

1. Nf3 c5 2. g3 Nc6 3. Bg2 g6 4. d3 Bg7 5. 0-0 d5 6. c4 d4 7. e3 dxe3 8. fxe3 Nh6 9. Nc3 0-0 10. Kh1 Ng4 11. Ne4 b6 12. Rb1 Rb8 13. a3 Nge5 14. Nf2 a5 15. b3 Nxf3 16. Bxf3 Ne5 17. Bb2 Nxf3 18. Bxg7 Kxg7 19. Qxf3 Bb7 20. e4 Qd4 21. Qe2 f5 22. h3 Rf7 23. Kh2 Rbf8 24. exf5 Rxf5 25. Ng4 Bf3 26. Rxf3 Rxf3 27. Qxe7+ R8f7 28. Qg5 R3f5 29. Qh6+ Kg8 30. Re1 Rf2+ 31. Kh1 Qxd3 32. Qe3 Qxe3 33. Rxe3 Ra2 34. Nh6+ Kg7 35. Nxf7 Kxf7 36. b4 cxb4 37. axb4 axb4 38. Rb3 Ra4 39. Kg2 Kf6 40. Rb1 Ke5 41. Rd1 b3 42. Rd3 Rb4 0-1

[Event "SVK-chT3A2 2122"]
[Site "Slovakia"]
[Date "2021.10.10"]
[Round "1.2"]
[White "Musaev, Matej Elbek"]
[Black "Ganzova, Veronika"]
[Result "1/2-1/2"]
[WhiteElo "1859"]
[BlackElo "1661"]
[PlyCount "97"]
[EventDate "2021.10.10"]
[EventType "team-tourn"]
[EventRounds "11"]
[EventCountry "SVK"]
[SourceTitle "EXT 2023"]
[Source "ChessBase"]
[SourceDate "2022.10.05"]
[SourceVersion "1"]
[SourceVersionDate "2022.10.05"]
[SourceQuality "1"]
[WhiteTeam "Piestany Kupele II"]
[BlackTeam "Modranka Komplet II"]
[WhiteTeamCountry "SVK"]
[BlackTeamCountry "SVK"]

1. e4 c5 2. Nf3 d6 3. d4 cxd4 4. Nxd4 Nf6 5. Nc3 g6 6. f3 Bg7 7. Be3 Nc6 8. Qd2 0-0 9. 0-0-0 Bd7 10. Kb1 Rc8 11. Bh6 Bxh6 12. Qxh6 Nxd4 13. Rxd4 Qb6 14. Qd2 Rc5 15. Bc4 Rfc8 16. Bb3 a5 17. g4 Rxc3 18. bxc3 a4 19. Rb4 Qc5 20. Bd5 Nxd5 21. exd5 Bb5 22. Qd4 Qxd4 23. cxd4 Be2 24. Rxa4 Bxf3 25. Rg1 Bxd5 26. Kb2 b5 27. Rb4 Ra8 28. Ra1 Bc6 29. c4 bxc4 30. Rxc4 Bd7 31. a4 Bxg4 32. a5 Be2 33. Kc3 f5 34. a6 Bxc4 35. Kxc4 Kf7 36. Kb5 Kf6 37. a7 f4 38. Kc6 Kf5 39. Kb7 Rxa7+ 40. Rxa7 Ke4 41. Kc6 Kxd4 42. Rxe7 f3 43. Rxh7 f2 44. Rf7 Ke3 45. Kxd6 Ke2 46. Ke5 f1Q 47. Rxf1 Kxf1 48. Kf4 Kg2 49. Kg5 1/2-1/2

[Event "Drienica Saris op"]
[Site "Drienica"]
[Date "2020.08.07"]
[Round "1"]
[White "Ganzova, Veronika"]
[Black "Konyves, Almos"]
[Result "0-1"]
[WhiteElo "1614"]
[BlackElo "2023"]
[PlyCount "128"]
[EventDate "2020.08.07"]
[EventType "swiss"]
[EventRounds "9"]
[EventCountry "SVK"]
[SourceTitle "CBM 197 Extra"]
[Source "ChessBase"]
[SourceDate "2020.09.30"]
[SourceVersion "1"]
[SourceVersionDate "2020.09.30"]
[SourceQuality "1"]

1. e4 c5 2. Nf3 Nc6 3. c3 d5 4. exd5 Qxd5 5. d4 Nf6 6. Be2 cxd4 7. cxd4 e6 8. Nc3 Qd8 9. 0-0 Be7 10. Bf4 0-0 11. Bc4 Nb4 12. Qb3 b6 13. Nb5 Nbd5 14. Be5 a6 15. Nc3 Bb7 16. Rfe1 Nxc3 17. Qxc3 Rc8 18. Qd3 Bxf3 19. Bxa6 Bd5 20. Bxc8 Qxc8 21. a3 Qa8 22. f3 Nd7 23. Bf4 Qa4 24. Rac1 Bf6 25. Be3 Nb8 26. Rc3 Nc6 27. Rd1 b5 28. b3 Qxa3 29. Qxb5 Nxd4 30. Rxd4 Qb2 31. Rcd3 Qe2 32. h3 Be5 33. Bf2 Rc8 34. Rc4 Bxc4 35. Qxc4 Rf8 36. Re3 Bh2+ 37. Kxh2 Qxf2 38. Rc3 h6 39. Rc2 Qe1 40. Rc1 Qe5+ 41. Kh1 Rd8 42. Qc2 g5 43. b4 Rb8 44. Qb3 Rb5 45. Rc4 Rd5 46. Rc1 Rd2 47. Qc4 Qb2 48. Rg1 Rd4 49. Qc8+ Kg7 50. b5 Rb4 51. Rd1 Rxb5 52. Qc4 Qe5 53. Qc2 Rb2 54. Qc1 Re2 55. Rg1 h5 56. Qd1 Rf2 57. Qc1 Qg3 58. Qc3+ e5 59. Qe3 Kh6 60. Qc3 Kg7 61. Qe3 Rb2 62. Qc3 Rb6 63. Qc5 Rg6 64. Qe3 g4 0-1

[Event "Wch U20 Girls 35th"]
[Site "Tarvisio"]
[Date "2017.11.25"]
[Round "11"]
[White "Ganzova, Veronika"]
[Black "February, Jesse Nikki"]
[Result "0-1"]
[WhiteElo "1633"]
[BlackElo "1874"]
[PlyCount "58"]
[EventDate "2017.11.13"]
[EventType "swiss"]
[EventRounds "11"]
[EventCountry "ITA"]
[SourceTitle "EXT 2019"]
[Source "ChessBase"]
[SourceDate "2018.10.10"]
[SourceVersion "1"]
[SourceVersionDate "2018.10.10"]
[SourceQuality "1"]

1. e4 e6 2. d4 d5 3. Nd2 Nf6 4. e5 Nfd7 5. Bd3 c5 6. c3 Nc6 7. Ne2 cxd4 8. cxd4 f6 9. exf6 Nxf6 10. Nf3 Bd6 11. 0-0 Qc7 12. Bg5 0-0 13. Qc2 h6 14. Bh4 Bd7 15. Bg3 Rac8 16. Rac1 Qb8 17. Bxd6 Qxd6 18. Qd2 Ng4 19. h3 Rxf3 20. hxg4 Rf6 21. g5 hxg5 22. Qxg5 e5 23. dxe5 Nxe5 24. Rxc8+ Bxc8 25. Rc1 Bg4 26. Qe3 Rf3 27. Qg5 Rxd3 28. f4 Qb6+ 29. Kf1 Bxe2+ 0-1

[Event "Wch U20 Girls 35th"]
[Site "Tarvisio"]
[Date "2017.11.21"]
[Round "8"]
[White "Ganzova, Veronika"]
[Black "Jayaweera, Sayuni Gihansa"]
[Result "0-1"]
[WhiteElo "1633"]
[BlackElo "1745"]
[PlyCount "114"]
[EventDate "2017.11.13"]
[EventType "swiss"]
[EventRounds "11"]
[EventCountry "ITA"]
[SourceTitle "CBM 181 Extra"]
[Source "ChessBase"]
[SourceDate "2017.12.12"]
[SourceVersion "1"]
[SourceVersionDate "2017.12.12"]
[SourceQuality "1"]

1. e4 c5 2. Nf3 g6 3. d4 cxd4 4. Nxd4 Nc6 5. Be3 Nf6 6. Nc3 Bg7 7. Be2 0-0 8. Qd2 d5 9. exd5 Nxd5 10. Nxd5 Qxd5 11. Bf3 Qd6 12. Nxc6 Qxd2+ 13. Bxd2 bxc6 14. 0-0 Rb8 15. Bc3 Bxc3 16. bxc3 Bf5 17. Rfe1 e6 18. Re2 g5 19. Bxc6 Rfc8 20. Ba4 Rxc3 21. Bb3 Rbc8 22. Rc1 Kg7 23. f3 a5 24. Kf2 Ra8 25. Re3 Rxe3 26. Kxe3 a4 27. Bc4 Rb8 28. Bd3 Rb2 29. Ra1 a3 30. Kd4 e5+ 31. Ke3 Be6 32. Kd2 h6 33. g3 Kf6 34. Be4 Rxa2 35. Rb1 Rb2 36. Rxb2 axb2 37. c4 Bxc4 38. Kc2 b1Q+ 39. Kxb1 Ke6 40. Kb2 f5 41. Bc2 Be2 42. Bb3+ Kd6 43. Bc2 f4 44. gxf4 exf4 45. Be4 Ke5 46. Kc3 Ba6 47. Bc6 Bf1 48. Bb7 Bg2 49. Kd3 g4 50. Ke2 gxf3+ 51. Kf2 Kf6 52. Bc6 Kg5 53. Bd7 Kh4 54. h3 h5 55. Bc6 Kxh3 56. Bd7+ Kh4 57. Be6 Kg5 0-1

[Event "Wch U20 Girls 35th"]
[Site "Tarvisio"]
[Date "2017.11.19"]
[Round "6"]
[White "Braganza, Nadia"]
[Black "Ganzova, Veronika"]
[Result "0-1"]
[WhiteElo "1536"]
[BlackElo "1633"]
[PlyCount "112"]
[EventDate "2017.11.13"]
[EventType "swiss"]
[EventRounds "11"]
[EventCountry "ITA"]
[SourceTitle "CBM 181 Extra"]
[Source "ChessBase"]
[SourceDate "2017.12.12"]
[SourceVersion "1"]
[SourceVersionDate "2017.12.12"]
[SourceQuality "1"]

1. e4 e5 2. Nf3 Nc6 3. Bc4 Bc5 4. 0-0 Nf6 5. d3 d6 6. c3 0-0 7. a4 a6 8. Na3 d5 9. exd5 Nxd5 10. Re1 Re8 11. Nc2 Nb6 12. Ba2 Bf5 13. b4 Bd6 14. Ng5 Bg6 15. Qf3 Rf8 16. Bb3 Be7 17. Ne4 Nd7 18. Bb2 Kh8 19. Ng3 Nf6 20. Nf5 Qd7 21. Nxe7 Qxe7 22. Bc4 Qd6 23. Qh3 Rab8 24. Rad1 Qd7 25. Qxd7 Nxd7 26. Ne3 Nb6 27. Bb3 Rbd8 28. a5 Nc8 29. Bc2 Rd7 30. Nc4 f6 31. Re3 Rfd8 32. h3 N8e7 33. g4 Nd5 34. Rg3 Nf4 35. Bc1 Ne2+ 36. Kg2 Nxg3 37. Kxg3 Bxd3 38. Bxd3 Rxd3+ 39. Rxd3 Rxd3+ 40. Be3 Rxc3 41. Nd2 Nxb4 42. Ne4 Ra3 43. Nc5 Nc2 44. Kf3 Nxe3 45. fxe3 Rxa5 46. Nxb7 Rb5 47. Nd8 Rb6 48. g5 Kg8 49. gxf6 gxf6 50. Ke4 a5 51. Kf5 a4 52. Ne6 Rxe6 53. Kxe6 Kg7 54. Kd5 a3 55. Kc6 a2 56. Kxc7 a1Q 0-1

[Event "Wch U20 Girls 35th"]
[Site "Tarvisio"]
[Date "2017.11.15"]
[Round "3"]
[White "Stashis, Anna"]
[Black "Ganzova, Veronika"]
[Result "1-0"]
[WhiteElo "1907"]
[BlackElo "1633"]
[PlyCount "99"]
[EventDate "2017.11.13"]
[EventType "swiss"]
[EventRounds "11"]
[EventCountry "ITA"]
[SourceTitle "CBM 181 Extra"]
[Source "ChessBase"]
[SourceDate "2017.12.12"]
[SourceVersion "1"]
[SourceVersionDate "2017.12.12"]
[SourceQuality "1"]

1. e4 c6 2. d4 d5 3. e5 Bf5 4. Nf3 e6 5. Be2 h6 6. 0-0 Nd7 7. Nbd2 g5 8. Nb3 Ne7 9. Ne1 Qc7 10. Be3 Bg7 11. Nd3 Bxd3 12. Qxd3 c5 13. Nxc5 Nxc5 14. dxc5 Bxe5 15. h3 Nf5 16. c3 Nxe3 17. Qxe3 Bf4 18. Bb5+ Kf8 19. Qd4 Be5 20. Qb4 Kg7 21. Qa3 Qe7 22. Rfe1 Qf6 23. c6 b6 24. Ba6 Qf4 25. g3 Qf5 26. Kg2 h5 27. Bd3 Qf6 28. Re3 g4 29. hxg4 hxg4 30. Qa4 Qg5 31. Be2 Qh5 32. Qxg4+ Qxg4 33. Bxg4 Bf6 34. Be2 Rhc8 35. Ba6 Rc7 36. Bb7 Rd8 37. Rd3 Rh8 38. a4 Rb8 39. a5 Rbxb7 40. cxb7 Rxb7 41. a6 Rc7 42. Ra4 Rc5 43. Rf3 Be5 44. Kf1 Kg6 45. Ke2 Kg7 46. Kd3 Rc8 47. Re3 Bf6 48. c4 Bxb2 49. cxd5 e5 50. Rc4 1-0

[Event "Wch U20 Girls 35th"]
[Site "Tarvisio"]
[Date "2017.11.14"]
[Round "2"]
[White "Ganzova, Veronika"]
[Black "Srdanovic, Jovana"]
[Result "0-1"]
[WhiteElo "1633"]
[BlackElo "2015"]
[PlyCount "76"]
[EventDate "2017.11.13"]
[EventType "swiss"]
[EventRounds "11"]
[EventCountry "ITA"]
[SourceTitle "CBM 181 Extra"]
[Source "ChessBase"]
[SourceDate "2017.12.12"]
[SourceVersion "1"]
[SourceVersionDate "2017.12.12"]
[SourceQuality "1"]

1. e4 c5 2. Nf3 e6 3. d4 cxd4 4. Nxd4 a6 5. Nc3 b5 6. Bd3 Qb6 7. Nf3 Qc7 8. 0-0 Bb7 9. Re1 d6 10. Bd2 Nd7 11. b4 Be7 12. a4 bxa4 13. Nxa4 Bf6 14. Ra3 Ne7 15. Bc3 Nc6 16. Bxf6 gxf6 17. Qd2 Ke7 18. Rc3 Nb6 19. Ra1 Nxa4 20. Rxa4 Qb6 21. Rb3 Rhc8 22. b5 axb5 23. Bxb5 Rxa4 24. Bxa4 Qa7 25. Bb5 Qa1+ 26. Bf1 Rc7 27. Qe2 Ne5 28. Nxe5 Qxe5 29. f3 Qd4+ 30. Kh1 Bc6 31. Qd3 Qf2 32. Rc3 Kd7 33. Qe2 Qb6 34. g3 Qa5 35. Qe3 Rb7 36. Kg2 Rb2 37. Qd4 Qa1 38. Qxf6 Rxc2+ 0-1

[Event "EU-chT U18 Girls"]
[Site "Rymanow Zdroj"]
[Date "2017.08.18"]
[Round "2.8"]
[White "Ozbay, Ece"]
[Black "Ganzova, Veronika"]
[Result "1-0"]
[WhiteElo "1966"]
[BlackElo "1608"]
[PlyCount "95"]
[EventDate "2017.08.17"]
[EventType "team-swiss"]
[EventRounds "7"]
[EventCountry "POL"]
[SourceTitle "CBM 180 Extra"]
[Source "ChessBase"]
[SourceDate "2017.10.06"]
[SourceVersion "1"]
[SourceVersionDate "2017.10.06"]
[SourceQuality "1"]
[WhiteTeam "Turkey U18 Girls II"]
[BlackTeam "Slovakia U18 Girls"]
[WhiteTeamCountry "TUR"]
[BlackTeamCountry "SVK"]

1. e4 e5 2. Nf3 Nc6 3. Bb5 a6 4. Ba4 Nf6 5. 0-0 b5 6. Bb3 Be7 7. Re1 0-0 8. c3 d6 9. h3 Na5 10. Bc2 c5 11. d4 Qc7 12. d5 Re8 13. b3 Bd7 14. Nbd2 Bf8 15. Nf1 g6 16. N3h2 Bg7 17. g4 h6 18. Ng3 Nb7 19. Be3 Rf8 20. Qd2 Kh7 21. f4 exf4 22. Bxf4 Ng8 23. Nf3 Rae8 24. Rad1 a5 25. c4 b4 26. e5 dxe5 27. d6 Qc6 28. Nxe5 Qc8 29. Qd3 Bxe5 30. Bxe5 Re6 31. Re2 Rfe8 32. Rde1 Qc6 33. Nh5 Nxd6 34. Nf4 Nc8 35. Nxe6 Rxe6 36. Rf1 Be8 37. Qd8 Nb6 38. Be4 Qd7 39. Qxd7 Nxd7 40. Bc7 Ngf6 41. Bf3 Ra6 42. Rfe1 Re6 43. Rxe6 fxe6 44. Rxe6 Kg7 45. h4 Kf7 46. Re1 Nf8 47. g5 hxg5 48. hxg5 1-0

[Event "SVK-chT4 A21 1617"]
[Site "Slovakia"]
[Date "2017.03.12"]
[Round "11.1"]
[White "Ganzova, Veronika"]
[Black "Danada, Tomas"]
[Result "0-1"]
[WhiteElo "1715"]
[BlackElo "2235"]
[PlyCount "76"]
[EventDate "2016.10.09"]
[EventType "team-tourn"]
[EventRounds "11"]
[EventCountry "SVK"]
[SourceTitle "EXT 2020"]
[Source "ChessBase"]
[SourceDate "2019.10.17"]
[SourceVersion "1"]
[SourceVersionDate "2019.10.17"]
[SourceQuality "1"]
[WhiteTeam "Trnava Lokomotiva Jun"]
[BlackTeam "Gbely Nafta II"]
[WhiteTeamCountry "SVK"]
[BlackTeamCountry "SVK"]

1. b3 d5 2. Bb2 Bg4 3. g3 Nf6 4. Bg2 Nc6 5. Nf3 Qd7 6. h3 Bf5 7. e3 h6 8. d3 0-0-0 9. Nbd2 g5 10. g4 Bg6 11. Ne5 Nxe5 12. Bxe5 Bg7 13. Qe2 h5 14. 0-0-0 Ne8 15. Bxg7 Nxg7 16. d4 f6 17. f4 Qd6 18. f5 Qa3+ 19. Kb1 Bf7 20. Ka1 e6 21. fxe6 Bxe6 22. Rdf1 Rd6 23. Nb1 Qa5 24. c3 f5 25. Bf3 fxg4 26. hxg4 h4 27. Rh2 Re8 28. Rhf2 Bd7 29. Qd2 Rde6 30. Re1 Rf8 31. Ref1 Ref6 32. Bd1 Qa6 33. Rxf6 Rxf6 34. Be2 Qd6 35. Rxf6 Qxf6 36. Qe1 Ne8 37. Nd2 Qe6 38. Qf2 Nf6 0-1

[Event "SVK-chT4 A21 1617"]
[Site "Slovakia"]
[Date "2016.12.18"]
[Round "6.1"]
[White "Ganzova, Veronika"]
[Black "Lanik, Miroslav"]
[Result "1/2-1/2"]
[WhiteElo "1724"]
[BlackElo "1859"]
[PlyCount "30"]
[EventDate "2016.10.09"]
[EventType "team-tourn"]
[EventRounds "11"]
[EventCountry "SVK"]
[SourceTitle "EXT 2018"]
[Source "ChessBase"]
[SourceDate "2017.10.13"]
[SourceVersion "1"]
[SourceVersionDate "2017.10.13"]
[SourceQuality "1"]
[WhiteTeam "Trnava Lokomotiva Jun"]
[BlackTeam "Senica II"]
[WhiteTeamCountry "SVK"]
[BlackTeamCountry "SVK"]

1. e4 c5 2. Nf3 d6 3. d4 cxd4 4. Nxd4 Nf6 5. Nc3 a6 6. Be3 e5 7. Nb3 Be6 8. f3 Nbd7 9. Qd2 b5 10. g4 Nb6 11. Bxb6 Qxb6 12. Nd5 Bxd5 13. exd5 Be7 14. 0-0-0 0-0 15. Kb1 a5 1/2-1/2

[Event "SVK-chT4 A21 1617"]
[Site "Slovakia"]
[Date "2016.12.04"]
[Round "5.1"]
[White "Ocko, Martin"]
[Black "Ganzova, Veronika"]
[Result "1/2-1/2"]
[WhiteElo "1947"]
[BlackElo "1724"]
[PlyCount "83"]
[EventDate "2016.10.09"]
[EventType "team-tourn"]
[EventRounds "11"]
[EventCountry "SVK"]
[SourceTitle "EXT 2018"]
[Source "ChessBase"]
[SourceDate "2017.10.13"]
[SourceVersion "1"]
[SourceVersionDate "2017.10.13"]
[SourceQuality "1"]
[WhiteTeam "Senica CVC II"]
[BlackTeam "Trnava Lokomotiva Jun"]
[WhiteTeamCountry "SVK"]
[BlackTeamCountry "SVK"]

1. c4 e5 2. Nc3 Nf6 3. g3 Bb4 4. Bg2 Nc6 5. Nd5 Bc5 6. e3 0-0 7. a3 a5 8. Ne2 d6 9. h3 Re8 10. Nec3 Bf5 11. 0-0 Bd3 12. Re1 Bxc4 13. Nxf6+ Qxf6 14. d3 Be6 15. Ne4 Qh6 16. Nxc5 dxc5 17. h4 Bd7 18. Qb3 b6 19. Bd2 Rad8 20. Qc2 Qg6 21. b4 cxb4 22. axb4 Nxb4 23. Bxb4 axb4 24. Qxc7 Bb5 25. Rec1 Qd6 26. Qxd6 Rxd6 27. Rcb1 Bxd3 28. Rxb4 b5 29. Bf1 Bxf1 30. Kxf1 Rd5 31. Rc1 Red8 32. e4 Rd1+ 33. Rxd1 Rxd1+ 34. Ke2 Rd6 35. Rxb5 f6 36. Rb7 h5 37. f4 exf4 38. gxf4 Ra6 39. Rb5 Ra2+ 40. Ke3 Ra3+ 41. Kd4 Rf3 42. Rxh5 1/2-1/2

[Event "Oravska Priehrada op"]
[Site "Oravska Priehrada"]
[Date "2016.08.28"]
[Round "5"]
[White "Balvan, Ladislav"]
[Black "Ganzova, Veronika"]
[Result "0-1"]
[WhiteElo "1173"]
[BlackElo "1666"]
[PlyCount "60"]
[EventDate "2016.08.26"]
[EventType "swiss"]
[EventRounds "7"]
[EventCountry "SVK"]
[SourceTitle "CBM 174 Extra"]
[Source "ChessBase"]
[SourceDate "2016.10.10"]
[SourceVersion "1"]
[SourceVersionDate "2016.10.10"]
[SourceQuality "1"]

1. Nc3 Nf6 2. e4 e5 3. f4 d5 4. fxe5 Nxe4 5. d3 Qh4+ 6. g3 Nxc3 7. bxc3 Qd8 8. d4 Bf5 9. Nf3 Nc6 10. Bb5 Qd7 11. h4 Be4 12. Kf2 Qf5 13. Bd3 Ne7 14. Rg1 Ng6 15. Ke3 f6 16. Qe2 fxe5 17. Bd2 Bxd3 18. cxd3 0-0-0 19. Kf2 e4 20. Ke1 exf3 21. Qf2 Re8+ 22. Kd1 Qxd3 23. Qh2 Re2 24. Qxe2 fxe2+ 25. Ke1 Ba3 26. Rg2 Bb2 27. Rd1 exd1Q+ 28. Kxd1 Qf1+ 29. Kc2 Qxg2 30. Kxb2 Qxd2+ 0-1

[Event "Oravska Priehrada op"]
[Site "Oravska Priehrada"]
[Date "2016.08.26"]
[Round "1"]
[White "Hrnciar, Roman"]
[Black "Ganzova, Veronika"]
[Result "1/2-1/2"]
[WhiteElo "2083"]
[BlackElo "1666"]
[PlyCount "110"]
[EventDate "2016.08.26"]
[EventType "swiss"]
[EventRounds "7"]
[EventCountry "SVK"]
[SourceTitle "CBM 174 Extra"]
[Source "ChessBase"]
[SourceDate "2016.10.10"]
[SourceVersion "1"]
[SourceVersionDate "2016.10.10"]
[SourceQuality "1"]

1. f4 d5 2. e3 Nf6 3. Nf3 e6 4. b3 Bd6 5. Bb2 c5 6. Bb5+ Bd7 7. Qe2 a6 8. Bxd7+ Nbxd7 9. Ne5 0-0 10. d3 Qc7 11. Nxd7 Nxd7 12. Qg4 g6 13. Nd2 f5 14. Qh4 e5 15. Nf3 Rae8 16. 0-0 Rf7 17. Ng5 Rfe7 18. g4 Rf8 19. Rf3 fxg4 20. Qxg4 Nf6 21. Qh3 Qd7 22. fxe5 Bxe5 23. d4 Qxh3 24. Nxh3 cxd4 25. exd4 Bd6 26. Raf1 Nd7 27. c4 Rxf3 28. Rxf3 Re2 29. Rf2 Rxf2 30. Nxf2 Nf6 31. c5 Bc7 32. h3 h5 33. Bc1 Kf7 34. Nd3 Ke6 35. Bg5 Ne4 36. Bf4 Bd8 37. b4 Bf6 38. Be3 Bg5 39. Bxg5 Nxg5 40. Ne5 Nxh3+ 41. Kg2 Nf4+ 42. Kf3 g5 43. c6 bxc6 44. Nxc6 Nd3 45. a3 h4 46. Kg4 Nf2+ 47. Kf3 Ne4 48. a4 h3 49. Ne5 Nc3 50. Kg3 h2 51. Kxh2 Nxa4 52. Kg3 Nc3 53. Kg4 Nb5 54. Kxg5 Nxd4 55. Nd3 Nc6 1/2-1/2

[Event "Banska Bystrica Regional Cup"]
[Site "Banska Bystrica"]
[Date "2016.05.08"]
[Round "4.4"]
[White "Ganzova, Veronika"]
[Black "Slaba, Andrea"]
[Result "0-1"]
[WhiteElo "1729"]
[BlackElo "1830"]
[PlyCount "130"]
[EventDate "2016.05.06"]
[EventType "team-tourn"]
[EventRounds "5"]
[EventCountry "SVK"]
[SourceTitle "CBM 172 Extra"]
[Source "ChessBase"]
[SourceDate "2016.06.21"]
[SourceVersion "1"]
[SourceVersionDate "2016.06.21"]
[SourceQuality "1"]
[WhiteTeam "Trnava Lokomotiva"]
[BlackTeam "Trnava Modranka"]
[WhiteTeamCountry "SVK"]
[BlackTeamCountry "SVK"]

1. e4 d6 2. d4 Nf6 3. Nc3 g6 4. Nf3 Bg7 5. Bc4 0-0 6. 0-0 c6 7. a4 b6 8. Bf4 Ba6 9. Qd3 Bxc4 10. Qxc4 Qc8 11. h3 Nbd7 12. Rfe1 c5 13. dxc5 Qxc5 14. Qxc5 Nxc5 15. e5 Nh5 16. Bh2 dxe5 17. Bxe5 Bxe5 18. Rxe5 e6 19. a5 Nd7 20. Re4 Nc5 21. Rb4 Rab8 22. axb6 Rxb6 23. Rxb6 axb6 24. Ra7 Rd8 25. b4 Nd7 26. Na4 Nhf6 27. Rb7 Rc8 28. c3 Kf8 29. Nd4 e5 30. Nb5 Rc6 31. Na7 Rc4 32. Nxb6 Nxb6 33. Rxb6 Ne4 34. Nc6 Rxc3 35. Rb8+ Kg7 36. Nxe5 Rc1+ 37. Kh2 Nxf2 38. Rb7 Rh1+ 39. Kg3 Ne4+ 40. Kf3 Nd6 41. Rb6 Nf5 42. Rb7 Nh6 43. b5 Rb1 44. b6 Kf6 45. Ng4+ Nxg4 46. Kxg4 Rb3 47. Rb8 h5+ 48. Kf4 Rb4+ 49. Kf3 Kg5 50. Rf8 f5 51. Rb8 Rb3+ 52. Kf2 Kf4 53. b7 Rb2+ 54. Kf1 g5 55. Rh8 Rxb7 56. Rxh5 Rb2 57. g3+ Kf3 58. Ke1 f4 59. gxf4 gxf4 60. h4 Kg3 61. Rf5 f3 62. Rg5+ Kxh4 63. Rd5 Kg4 64. Rd4+ Kg3 65. Rd1 Kg2 0-1

[Event "Banska Bystrica Regional Cup"]
[Site "Banska Bystrica"]
[Date "2016.05.06"]
[Round "1.4"]
[White "Ganzova, Veronika"]
[Black "Hrebicik, David"]
[Result "0-1"]
[WhiteElo "1729"]
[BlackElo "1679"]
[PlyCount "96"]
[EventDate "2016.05.06"]
[EventType "team-tourn"]
[EventRounds "5"]
[EventCountry "SVK"]
[SourceTitle "CBM 172 Extra"]
[Source "ChessBase"]
[SourceDate "2016.06.21"]
[SourceVersion "1"]
[SourceVersionDate "2016.06.21"]
[SourceQuality "1"]
[WhiteTeam "Trnava Lokomotiva"]
[BlackTeam "Povazske Podhradie"]
[WhiteTeamCountry "SVK"]
[BlackTeamCountry "SVK"]

1. e4 c5 2. Nf3 d6 3. c3 Nf6 4. Be2 Qc7 5. 0-0 Nc6 6. Qc2 Bg4 7. d3 Rc8 8. Bg5 e6 9. Nbd2 Be7 10. Rfe1 a6 11. a4 h6 12. Bh4 Bh5 13. Nc4 Na5 14. Nfd2 Bxe2 15. Rxe2 Nd7 16. Bxe7 Nxc4 17. Nxc4 Kxe7 18. a5 Qb8 19. Re3 Rhe8 20. Rg3 d5 21. exd5 exd5 22. Ne3 Qe5 23. Ng4 Qd6 24. Ne3 Qe5 25. Qb3 d4 26. Nd5+ Kf8 27. h3 Rb8 28. f4 Qe6 29. Qa2 Nf6 30. Nxf6 Qxf6 31. Qc4 dxc3 32. bxc3 Qf5 33. Rb1 Red8 34. Re1 Re8 35. Rge3 Rxe3 36. Rxe3 Rd8 37. g4 Qg6 38. Qxc5+ Kg8 39. d4 Qb1+ 40. Kf2 Qc2+ 41. Kg3 Qd2 42. Qe5 Rc8 43. c4 Rxc4 44. Qe8+ Kh7 45. Qe4+ g6 46. Rd3 Qxa5 47. Qxb7 Qe1+ 48. Kf3 Qh1+ 0-1

[Event "SVK-chT4 A22 1516"]
[Site "Slovakia"]
[Date "2016.03.13"]
[Round "10.6"]
[White "Ganzova, Veronika"]
[Black "Ollos, Peter"]
[Result "1-0"]
[WhiteElo "1741"]
[BlackElo "1511"]
[PlyCount "47"]
[EventDate "2015.10.04"]
[EventType "team-tourn"]
[EventRounds "11"]
[EventCountry "SVK"]
[SourceTitle "EXT 2020"]
[Source "ChessBase"]
[SourceDate "2019.10.17"]
[SourceVersion "1"]
[SourceVersionDate "2019.10.17"]
[SourceQuality "1"]

1. e4 e5 2. Nf3 Nc6 3. Bc4 Nf6 4. d3 Bb4+ 5. c3 Be7 6. 0-0 0-0 7. Bb3 d5 8. exd5 Nxd5 9. Re1 Bf6 10. Nbd2 Bf5 11. Ne4 Nf4 12. Bxf4 exf4 13. Qd2 Re8 14. Qxf4 Bxe4 15. dxe4 Ne5 16. Nxe5 Rxe5 17. Rad1 Qe7 18. Qe3 Re8 19. f3 Bg5 20. f4 Rxe4 21. Qxe4 Qxe4 22. Rxe4 Rxe4 23. fxg5 g6 24. Rd7 1-0

[Event "SVK-chT4 A22 1516"]
[Site "Slovakia"]
[Date "2015.12.13"]
[Round "5.3"]
[White "Ganzova, Veronika"]
[Black "Magyarics, Tamas"]
[Result "1-0"]
[WhiteElo "1739"]
[BlackElo "1413"]
[PlyCount "38"]
[EventDate "2015.10.04"]
[EventType "team-tourn"]
[EventRounds "11"]
[EventCountry "SVK"]
[SourceTitle "EXT 2020"]
[Source "ChessBase"]
[SourceDate "2019.10.17"]
[SourceVersion "1"]
[SourceVersionDate "2019.10.17"]
[SourceQuality "1"]

1. e4 e5 2. Nf3 Nc6 3. Bb5 a6 4. Ba4 Nf6 5. 0-0 Nxe4 6. Re1 d5 7. d3 Nc5 8. Nxe5 Be6 9. Nxc6 Qd6 10. Nd4+ Nxa4 11. Nxe6 fxe6 12. Qh5+ g6 13. Qg4 0-0-0 14. Qxa4 e5 15. Nc3 d4 16. Ne4 Qe6 17. Bg5 Be7 18. Bxe7 Qxe7 19. Qc4 Rd5 1-0